01888nam a2200301 a 450000100060000000300080000600500170001400800410003102000150007203500140008703500210010104000360012204100080015807200090016608200270017524501000020226000610030230000330036350400410039650508770043765000260131465000270134070000380136770000270140594200120143299900170144495201250146137358BD-RjUL20211209052613.0141204s1994 si a b 000 0 eng d a9810216254 a(BD-RjUL) a(OCoLC)31222809  aNcRScNcRSdDNALdTMVdDLCbeng aeng 0aX30000a576.6484220bINT 199400aInteractions between retroviruses and herpesviruses /ceditors, Hsing-Jien Kung & Charles Wood. aSingapore ;aRiver Edge, NJ :bWorld Scientific,cc1994. axi, 122 p. :bill. ;c26 cm. aIncludes bibliographical references.0 aEnhancement of avian retrovirus-induced B-cell lymphoma by Marek's disease herpesvirus / A.M. Fadly, D.L. Ewert -- Characterization of novel viruses derived from retroviral insertion into herpesvirus / D. Jones, P. Brunovskis, H.-J. Kung -- Interactions between Marek's disease virus and avian leukosis virus / P.M. Coussens -- Interactions between herpes simplex virus type I and human immunodeficiency virus type I / J. Vlach, P.M. Pitha -- Bidirectional interactions between human immunodeficiency virus and cytomegalovirus / D.J. Manion, M.S. Hirsch -- Positive and negative effects of human cytomegalovirus on HIV replication / D.H. Spector ... [et al.] -- Interactions between HHV-6 and HIV: HHV-6 as a potential cofactor in AIDS / P. Lusso -- Interactions between HHV-6 and HIV: characterization of the HHV-6 genes involved in HIV activation / C. Wood, B. Chandran. 0aRetroviruses.9114512 0aHerpesviruses.91145131 aKung, H. J.q(Hsing-Jien)91145141 aWood, Charles.9114515 2ddccBK c37358d37358 00102ddc4071aIBScbIBSccStackd2014-12-03eDonationl0o576.6484 INT 1994r2014-12-03 00:00:00tC-1w2014-12-03yBK